logo

Bir Sreshtho Munshi Abdur Rouf Library
Jhenaidah Cadet College

Talking of Management / (Record no. 14148)

MARC details
000 -LEADER
fixed length control field 00561nam a2200217 a 4500
001 - CONTROL NUMBER
JCCL Control Number 14148
003 - CONTROL NUMBER IDENTIFIER
JCCL marc code BD-JhCC
005 - DATE AND TIME OF LATEST TRANSACTION
control field 20250130091158.0
008 - FIXED-LENGTH DATA ELEMENTS--GENERAL INFORMATION
fixed length control field 250130b19921998b | ||| ||a| 000 0 eng d
035 ## - SYSTEM CONTROL NUMBER
system control number (BD-JhCC)14148
040 ## - CATALOGING SOURCE
Original cataloging agency BD-JhCC
Modifying agency BD-JhCC
041 ## - LANGUAGE CODE
Language code of Book english
082 ## - DEWEY DECIMAL CLASSIFICATION NUMBER
Classification number 658.8
Author mark and Year MAH 1998
100 ## - MAIN ENTRY--PERSONAL NAME
Personal name Mahtab,Shahabuddin
245 ## - TITLE STATEMENT
Title Talking of Management /
Statement of responsibility, etc Shahabuddin Mahtab.
260 ## - PUBLICATION, DISTRIBUTION, ETC. (IMPRINT)
Place of publication, distribution, etc Dhaka:
Name of publisher, distributor, etc Zeenat book supply Ltd;
Date of publication, distribution, etc 1998.
300 ## - PHYSICAL DESCRIPTION
Pagination 93 p. :
Dimensions 22 cm.
651 ## - SUBJECT ADDED ENTRY--GEOGRAPHIC NAME
Geographic name Marketing Management.
942 ## - ADDED ENTRY ELEMENTS (KOHA)
Source of classification or shelving scheme Dewey Decimal Classification
Koha item type Books
Holdings
Source of classification or shelving scheme Damaged status Not for loan Home library Current library Shelving location Date of accession Source of acquisition Cost, normal purchase price Total Checkouts Full call number Barcode Date last seen Copy number Method of acquisition Koha item type Currency
Dewey Decimal Classification     JCC Rouf Library JCC Rouf Library General Stacks   With the compliments of Maj (Retd) Syed Sakhawat Hussain,07/0388/K 50.00   658.8 MAH 1998 19747 01/30/2025 C-1 Gift/Donation Books BDT

JCC Library | Contacts | JCC Home

Last Update on 23 September 2017
Copyright @ 2017-2020 JCC Rouf Library
Rouf Library, Jhenidah Cadet College (JCC), Bangladesh